Sadhu Sundar Singh / (Record no. 5258)
[ view plain ]
| 000 -LEADER | |
|---|---|
| fixed length control field | 00506nam a2200181Ia 4500 |
| 003 - CONTROL NUMBER IDENTIFIER | |
| control field | GBCCL |
| 005 - DATE AND TIME OF LATEST TRANSACTION | |
| control field | 20241126110537.0 |
| 008 - FIXED-LENGTH DATA ELEMENTS--GENERAL INFORMATION | |
| fixed length control field | 180312b ||||| |||| 00| 0 eng d |
| 040 ## - CATALOGING SOURCE | |
| Transcribing agency | gbc |
| 082 ## - DEWEY DECIMAL CLASSIFICATION NUMBER | |
| Classification number | VER 248.26092 |
| Item number | SIN |
| 100 ## - MAIN ENTRY--PERSONAL NAME | |
| Personal name | Hatzaw, H. S. |
| 9 (RLIN) | 9493 |
| 245 ## - TITLE STATEMENT | |
| Title | Sadhu Sundar Singh / |
| Statement of responsibility, etc. | H. S. Hatzaw |
| 250 ## - EDITION STATEMENT | |
| Edition statement | 2nd Ed. |
| 260 ## - PUBLICATION, DISTRIBUTION, ETC. | |
| Name of publisher, distributor, etc. | Chin Baptist Literature Board, |
| Place of publication, distribution, etc. | Churachandpur: |
| Date of publication, distribution, etc. | 2007 |
| 300 ## - PHYSICAL DESCRIPTION | |
| Extent | 99 p.; |
| Dimensions | 17 cm. |
| 650 ## - SUBJECT ADDED ENTRY--TOPICAL TERM | |
| Topical term or geographic name entry element | Sadhu Sundar Singh |
| Form subdivision | Biography |
| 9 (RLIN) | 9494 |
| 942 ## - ADDED ENTRY ELEMENTS (KOHA) | |
| Edition | 2ND ED |
| Source of classification or shelving scheme | Dewey Decimal Classification |
| Koha item type | Books |
| Koha issues (borrowed), all copies | 2 |
| Withdrawn status | Lost status | Source of classification or shelving scheme | Damaged status | Not for loan | Collection | Home library | Current Library | Shelving location | Date acquired | Total checkouts | Full call number | Barcode | Date last seen | Date last checked out | Copy number | Price effective from | Koha item type |
|---|---|---|---|---|---|---|---|---|---|---|---|---|---|---|---|---|---|
| Dewey Decimal Classification | GRACE BIBLE COLLEGE | GRACE BIBLE COLLEGE | Vernacular | 2018-03-12 | 2 | VER 248.26092 SIN | 002481 | 2025-05-01 | 2022-11-04 | c.1 | 2018-03-12 | Books |